SERVIZIO DELLA PAROLA. N. 31. OTTOBRE 1971. SUSSIDIO PER LA PREDICAZIONE. (Record n. 333752)
[ formato base ]
| 000 -LEADER | |
|---|---|
| fixed length control field | 01713nas a2200277Ia 4500 |
| 001 - CONTROL NUMBER | |
| control field | R052-S5580 |
| 003 - CONTROL NUMBER IDENTIFIER | |
| control field | IT-CnALBA |
| 008 - FIXED-LENGTH DATA ELEMENTS--GENERAL INFORMATION | |
| fixed length control field | 170116c99999999xx |||||||||||| ||und|| |
| 040 ## - CATALOGING SOURCE | |
| Original cataloging agency | IT-CnALBA |
| Transcribing agency | IT-CnALBA |
| 041 ## - LANGUAGE CODE | |
| Language code of text/sound track or separate title | ITALIANO |
| 999 ## - SYSTEM CONTROL NUMBERS (KOHA) | |
| Koha Dewey Subclass [OBSOLETE] | NO |
| 100 ## - MAIN ENTRY--PERSONAL NAME | |
| Personal name | STEFANI GINO |
| 210 ## - ABBREVIATED TITLE | |
| Abbreviated title | SERVIZIO DELLA PAROLA |
| 222 ## - KEY TITLE | |
| Key title | SERVIZIO DELLA PAROLA |
| 245 #0 - TITLE STATEMENT | |
| Title | SERVIZIO DELLA PAROLA. N. 31. OTTOBRE 1971. SUSSIDIO PER LA PREDICAZIONE. |
| Remainder of title | SUSSIDIO PER LA PREDICAZIONE |
| 250 ## - EDITION STATEMENT | |
| Edition statement | 1a ed. |
| 260 ## - PUBLICATION, DISTRIBUTION, ETC. (IMPRINT) | |
| Place of publication, distribution, etc. | BRESCIA |
| Name of publisher, distributor, etc. | QUERINIANA EDIT. LIBR. VESC. |
| Date of publication, distribution, etc. | 1971 [1° Ed.:1971 - Ed.Ling.Originale: 1971] |
| 300 ## - PHYSICAL DESCRIPTION | |
| Extent | 98 p. |
| 310 ## - CURRENT PUBLICATION FREQUENCY | |
| Current publication frequency | MENSILE |
| 362 ## - DATES OF PUBLICATION AND/OR SEQUENTIAL DESIGNATION | |
| Dates of publication and/or sequential designation | Fascicolo: 31 / (1971) |
| 500 ## - GENERAL NOTE | |
| General note | FUNZIONI CARISMI RUOLI PAROLA. PRESENTAZIONE. DOSSIER SESSUALITÀ E CASTITÀ. IMMAGINI SESSUALITÀ. VISIONE PERSONALISTICA COMUNITARIA. DONNA PARTNER CORRESPONSABILE. PROBLEMI GIOVANILI. SESSO E CASTITÀ NELLA BIBBIA. PROFEZIA CRISTIANA. COME PARLARNE. STUDI BASE PER L'OMELIA. DOMENICHE XXVII XXXI PER ANNUM. GUIDA MESSA C E P. GUIDA PER L'OMELIA. PER LE DOMENICHE DI OTTOIBRE. GIUSTIFICAZIONE PER LA FEDE. |
| 501 ## - WITH NOTE | |
| With note | Società San Paolo EM - Piazza San Paolo, 14 - 12051 ALBA (CN) (non commercial uses only) ® Copyright 2017 |
| 520 ## - SUMMARY, ETC. | |
| Summary, etc. | FUNZIONI CARISMI RUOLI PAROLA. PRESENTAZIONE. DOSSIER SESSUALITÀ E CASTITÀ. IMMAGINI SESSUALITÀ. VISIONE PERSONALISTICA COMUNITARIA. DONNA PARTNER CORRESPONSABILE. PROBLEMI GIOVANILI. SESSO E CASTITÀ NELLA BIBBIA. PROFEZIA CRISTIANA. COME PARLARNE. STUDI BASE PER L'OMELIA. DOMENICHE XXVII XXXI PER ANNUM. GUIDA MESSA C E P. GUIDA PER L'OMELIA. PER LE DOMENICHE DI OTTOIBRE. GIUSTIFICAZIONE PER LA FEDE. |
| 650 ## - SUBJECT ADDED ENTRY--TOPICAL TERM | |
| Topical term or geographic name as entry element | PREDICAZIONE - ORATORIA SACRA |
| 942 ## - ADDED ENTRY ELEMENTS (KOHA) | |
| Koha item type | RIVISTA |
| 957 ## - | |
| -- | 1 |
| 999 ## - SYSTEM CONTROL NUMBERS (KOHA) | |
| -- | 1 |
| Withdrawn status | Lost status | Damaged status | Not for loan | Home library | Current library | Date acquired | Total Checkouts | Full call number | Date last seen | Price effective from | Koha item type | Public note |
|---|---|---|---|---|---|---|---|---|---|---|---|---|
| Buone Condizioni | Not For Loan | ALBA - Biblioteca | ALBA - Biblioteca | 16/01/2017 | R052-S5580 | 16/01/2017 | 16/01/2017 | RIVISTA | (data import: 16 gennaio 2017) - By Epidotti, Vaglietti. |